书目信息 |
| 题名: |
中国的排污收费 回顾篇
|
|
| 作者: | 国家环境? | |
| 分册: | (下) | |
| 出版信息: | 北京 中国环境科学出版社 |
|
| 页数: | 524页 | |
| 开本: | 32开 | |
| 丛书名: | ||
| 单 册: | ||
| 中图分类: | F812.43 | |
| 科图分类: | ||
| 主题词: | 财政 | |
| 电子资源: | ||
| ISBN: | 7-80135-386-2 | |
| 000 | 00587nam0 2200193 45 | |
| 001 | 0007191289 | |
| 005 | 20100120161630.70 | |
| 010 | @a7-80135-386-2@d18.50元 | |
| 100 | @a20000719d km y0chiy0120 ea | |
| 101 | 0 | @achi |
| 105 | @a z 000yy | |
| 200 | 1 | @a中国的排污收费 回顾篇@Azhong guo de pai wu shou fei hui gu pian@h(下)@f国家环境保护局编@FGuo JiaHuan Jing Bao Hu Ju Bian |
| 210 | @a北京@c中国环境科学出版社 | |
| 215 | @a524页@d32开 | |
| 606 | 0 | @a财政 |
| 690 | @aF812.43@v3 | |
| 701 | 0 | @a国家环境? |
| 801 | @aCN@bPftUser@c20100120 | |
| 905 | @dF812.43@eG:321:2@b68792-801@f10 | |
| 中国的排污收费 回顾篇.(下)/国家环境保护局编.-北京:中国环境科学出版社 |
| 524页;32开 |
| ISBN 7-80135-386-2:18.50元 |
| ● |
| 相关链接 |
|
|
|
正题名:中国的排污收费 回顾篇
索取号:F812.43/G:321:2
 
预约/预借
| 序号 | 登录号 | 条形码 | 馆藏地/架位号 | 状态 | 备注 |
| 1 | 344024 | 203440240 | 社科库409/422社科库 34排2列4层/ [索取号:F812.43/G:321:2] | 在馆 | |
| 2 | 344025 | 203440259 | 社科库409/422社科库 34排2列4层/ [索取号:F812.43/G:321:2] | 在馆 | |
| 3 | 344026 | 203440268 | 社科库409/422社科库 34排2列4层/ [索取号:F812.43/G:321:2] | 在馆 | |
| 4 | 344027 | 203440277 | 社科库409/422社科库 34排2列4层/ [索取号:F812.43/G:321:2] | 在馆 | |
| 5 | 344028 | 203440286 | 社科库409/422社科库 34排2列4层/ [索取号:F812.43/G:321:2] | 在馆 | |
| 6 | 508340 | 205083407 | 社科库409/422社科库 34排2列4层/ [索取号:F812.43/G:321:2] | 在馆 | |
| 7 | 508341 | 205083416 | 社科库409/409社科库 50排2列1层/ [索取号:F812.43/G:321:2] | 在馆 | |
| 8 | 508342 | 205083425 | 社科库409/422社科库 34排2列4层/ [索取号:F812.43/G:321:2] | 在馆 | |
| 9 | 508343 | 205083434 | 社科库409/422社科库 34排2列4层/ [索取号:F812.43/G:321:2] | 在馆 | |
| 10 | 508344 | 205083443 | 社科库409/422社科库 34排2列4层/ [索取号:F812.43/G:321:2] | 在馆 | |
| 11 | 68792 | 200687925 | 社科库409/422社科库 34排2列4层/ [索取号:F812.43/G:321:2] | 在馆 | |
| 12 | 68793 | 200687934 | 社科库409/422社科库 34排2列4层/ [索取号:F812.43/G:321:2] | 在馆 | |
| 13 | 68794 | 200687943 | 社科库409/422社科库 34排2列4层/ [索取号:F812.43/G:321:2] | 在馆 | |
| 14 | 68795 | 200687952 | 社科库409/422社科库 34排2列4层/ [索取号:F812.43/G:321:2] | 在馆 | |
| 15 | 68796 | 200687961 | 社科库409/422社科库 34排2列4层/ [索取号:F812.43/G:321:2] | 在馆 | |
| 16 | 68797 | 200687970 | 社科库409/422社科库 34排2列4层/ [索取号:F812.43/G:321:2] | 在馆 | |
| 17 | 68798 | 200687989 | 社科库409/422社科库 34排2列4层/ [索取号:F812.43/G:321:2] | 在馆 | |
| 18 | 68799 | 200687998 | 社科库409/422社科库 34排2列4层/ [索取号:F812.43/G:321:2] | 在馆 | |
| 19 | 68800 | 200688005 | 社科库409/422社科库 34排2列4层/ [索取号:F812.43/G:321:2] | 在馆 | |
| 20 | 68801 | 200688014 | 社科库409/422社科库 34排2列4层/ [索取号:F812.43/G:321:2] | 在馆 |